Bioprospección para el desarrollo del sector agropecuario de Colombia (Registro nro. 7547)

Detalles MARC
000 -CABECERA
Campo de control 00871nam a22002537a 4500
005 - FECHA Y HORA DE LA ULTIMA TRANSACCION
Campo de control 20170202140311.0
008 - ELEMENTOS DE LONGITUD FIJA—INFORMACION GENERAL
Campo de control 130813b2012 ck ||||| |||| 00| 0 spa d
020 ## - ISBN
ISBN 9789587401301
041 ## - IDIOMA
Código de idioma para texto/pista de sonido o título separado Español
044 ## - PAÍS DE PUBLICACIÓN
País de publicación Colombia
082 ## - NUMERO DE CLASIFICACION DECIMAL DEWEY
Número de clasificación 574.526
Número del ítem C822b
245 ## - MENCION DE TITULO
Título Bioprospección para el desarrollo del sector agropecuario de Colombia
260 ## - PUBLICACION, DISTRIBUCION, ETC. (PIE DE IMPRENTA)
Lugar de publicación, distribución, etc. Bogotá
Nombre del editor, distribuidor, etc. CORPOICA
Fecha de publicación, distribución, etc. 2012
300 ## - DESCRIPCION FISICA
Extensión 195 p.
Dimensiones 24 cm.
650 ## - ASIENTO SECUNDARIO DE MATERIA - TERMINO TEMATICO
Término temático o nombre geográfico como elemento de entrada Genética vegetal
650 16 - ASIENTO SECUNDARIO DE MATERIA - TERMINO TEMATICO
Término temático o nombre geográfico como elemento de entrada Biotecnología agrícola
650 16 - ASIENTO SECUNDARIO DE MATERIA - TERMINO TEMATICO
Término temático o nombre geográfico como elemento de entrada Mejoramiento genético
Subdivisión general técnicas
650 16 - ASIENTO SECUNDARIO DE MATERIA - TERMINO TEMATICO
Término temático o nombre geográfico como elemento de entrada Bioprospección
Subdivisión general aplicaciones
650 ## - ASIENTO SECUNDARIO DE MATERIA - TERMINO TEMATICO
Término temático o nombre geográfico como elemento de entrada Adaptación (Biología)
650 ## - ASIENTO SECUNDARIO DE MATERIA - TERMINO TEMATICO
Término temático o nombre geográfico como elemento de entrada Agronomía
700 ## - ASIENTO SECUNDARIO - NOMBRE PERSONAL
Nombre personal Cotes-Prado, Alba Marina
700 ## - ASIENTO SECUNDARIO - NOMBRE PERSONAL
Nombre personal Barreto-Meneses, Luz Stella
Forma más completa del nombre http://192.168.1.5:8080/cgi-bin/koha/cataloguing/addbiblio.pl?frameworkcode=#
942 ## - ELEMENTOS ADICIONALES (KOHA)
Sistema de clasificación Dewey Decimal Classification
Tipo de ítem Impreso
Existencias
Withdrawn status Lost status Sistema de Clasificación Damaged status No para préstamo Colección Inventariado Ubicación Permanente Ubicación actual Fecha de adquisición Fuente de Valor Valor Total Checkouts Número topográfico Inventario / Código de Barras Date last seen Ejemplar Price effective from Forma de adquisición Tipo de material
    Dewey Decimal Classification     General Inventariado 2017 Bogotá Bogotá 13/08/2013 Instituto 39000.00   LB 574.526 C822b 058331 13/08/2013 Ej. 1 13/08/2013   Libro